[Event "Titled Tuesday intern op 15 Mar Late"]
[Site "Chess.com INT"]
[Date "2022.03.15"]
[Round "1"]
[White "Selbes, Tarik"]
[Black "Hess, Robert L"]
[Result "0-1"]
[WhiteElo "2287"]
[BlackElo "2591"]
[PlyCount "60"]
[EventDate "2022.03.15"]
[EventType "swiss (blitz)"]
[EventRounds "11"]
[EventCountry "USA"]
[SourceTitle "CBM 207 Extra"]
[Source "ChessBase"]
[SourceDate "2022.05.31"]
[SourceVersion "1"]
[SourceVersionDate "2022.05.31"]
[SourceQuality "1"]

1. Nf3 g6 2. g3 Bg7 3. Bg2 d6 4. 0-0 Nd7 5. d4 e6 6. b3 Ne7 7. Bb2 h6 8. c4 b6 9. Ne5 Rb8 10. Nc6 Nxc6 11. Bxc6 0-0 12. Nc3 Bb7 13. Bxb7 Rxb7 14. d5 exd5 15. cxd5 b5 16. Rc1 Re8 17. Qd2 Nc5 18. f3 Qg5 19. Rfd1 b4 20. Na4 Nxa4 21. Bxg7 Kxg7 22. bxa4 Qxd2 23. Rxd2 Re3 24. Rdc2 Ra3 25. Rxc7 Rxc7 26. Rxc7 Rxa4 27. Rb7 a5 28. Rb6 Rxa2 29. e4 Rb2 30. Rxd6 a4 0-1